Riche d'amour / (Record no. 161965)

MARC details
000 -LEADER
campo de control de longitud fija 00910nam a2200241 i 4500
001 - NÚMERO DE CONTROL
campo de control 161965
003 - IDENTIFICADOR DE NÚMERO DE CONTROL
campo de control ES-MaACL
005 - FECHA Y HORA DE LA ÚLTIMA TRANSACCIÓN
campo de control 20230906212408.0
008 - DATOS DE LONGITUD FIJA--INFORMACIÓN GENERAL
campo de control de longitud fija 041026s1861 fr a |||| | fre d
040 ## - FUENTE DE CATALOGACIÓN
Centro catalogador/agencia de origen CAM
Lengua de catalogación spa
Centro/agencia transcriptor CAM
100 1# - ENTRADA PRINCIPAL--NOMBRE DE PERSONA
Nombre de persona Perrin, Maximilien.
9 (RLIN) 131047
245 10 - MENCIÓN DEL TÍTULO
Título Riche d'amour /
Mención de responsabilidad, etc. par Maximilien Perrin.
260 ## - PUBLICACIÓN, DISTRIBUCIÓN, ETC.
Lugar de publicación, distribución, etc. Paris :
Nombre del editor, distribuidor, etc. Lécrivain et Toubon,
Fecha de publicación, distribución, etc. [s.a.] (
Lugar de fabricación/manufactura Imprimerie Cerf)
300 ## - DESCRIPCIÓN FÍSICA
Extensión 50 p. :
Otras características físicas il. ;
Dimensiones 29 cm.
490 1# - MENCIÓN DE SERIE
Mención de serie Bibliothèque pour tous / publiée par J. Lemer ;
Designación de volumen o secuencia 110
500 ## - NOTA GENERAL
Nota general Datos tomados de la BN Opale-Plus.
596 ## - NOTA AL PIE DE IMPRENTA
NOTA AL PIE DE IMPRENTA La BN Opale-Plus lo fecha en 1861.
597 ## - NOTA DE DESCRIPCIÓN FÍSICA
NOTA DE DESCRIPCIÓN FÍSICA Texto a dos col.
597 ## - NOTA DE DESCRIPCIÓN FÍSICA
NOTA DE DESCRIPCIÓN FÍSICA Il. xil. en cabecera de primera p. de texto.
830 0# - PUNTO DE ACCESO ADICIONAL DE SERIE-TÍTULO UNIFORME
Título uniforme Bibliothèque pour tous / publiée par J. Lemer ;
Designación de volumen o secuencia 110
9 (RLIN) 188366
852 ## - LOCALIZACIÓN
Ubicación ES-MaACL
Número de control de estantería R-1707(6)
Nota libre -- Enc. hol.
condición física -- Falto de port.
Nota libre -- Enc. en un vol. facticio
Holdings
Estatus retirado Estado de pérdida Estado de daño No para préstamo Biblioteca de origen Biblioteca actual Ubicación en estantería Fecha de adquisición Total de préstamos Signatura topográfica completa Código de barras Visto por última vez Precio de reemplazo Tipo de ítem Koha
        Biblioteca del Ateneo de Madrid Biblioteca del Ateneo de Madrid Depósito 17/01/2008   R-1707(6) 1169663 23/02/2023 23/02/2023 Libro impreso